000
00248nam a22000977a 4500
008
250912b |||||||| |||| 00| 0 eng d
020
_a
9781421554952
100
_a
Kishimoto Masashi
_9
7689
245
_a
Naruto-19,20,21
260
_a
Cnanda
_b
Omnibus
_c
2024
999
_c
12822
_d
12822